<?xml version="1.0" encoding="UTF-8"?>
<collection xmlns="http://www.loc.gov/MARC21/slim">
  <record>
    <leader>00000nam  2200000   4500</leader>
    <controlfield tag="001">INLIS000000000019030</controlfield>
    <controlfield tag="005">20250130094834</controlfield>
    <datafield tag="035" ind1="#" ind2="#">
      <subfield code="a">0010-0125000174</subfield>
    </datafield>
    <controlfield tag="007">ta</controlfield>
    <controlfield tag="008">250130################g##########0#ind##</controlfield>
    <datafield tag="020" ind1="#" ind2="#">
      <subfield code="a">978-623-02-0157-8</subfield>
    </datafield>
    <datafield tag="082" ind1="#" ind2="#">
      <subfield code="a">302.35</subfield>
    </datafield>
    <datafield tag="084" ind1="#" ind2="#">
      <subfield code="a">302.35 ARA b</subfield>
    </datafield>
    <datafield tag="100" ind1=" " ind2="#">
      <subfield code="a">Aras Solong</subfield>
    </datafield>
    <datafield tag="245" ind1="1" ind2="#">
      <subfield code="a">Budaya dan Birokrasi /</subfield>
      <subfield code="c">Aras Solong</subfield>
    </datafield>
    <datafield tag="260" ind1="#" ind2="#">
      <subfield code="a">Sleman :</subfield>
      <subfield code="b">Deepublish,</subfield>
      <subfield code="c">2019</subfield>
    </datafield>
    <datafield tag="300" ind1="#" ind2="#">
      <subfield code="a">x, 123 hlm. ;</subfield>
      <subfield code="c">2.2 MB</subfield>
    </datafield>
    <datafield tag="650" ind1="#" ind2="4">
      <subfield code="a">Budaya dan Birokrasi</subfield>
    </datafield>
    <datafield tag="520" ind1="#" ind2="#">
      <subfield code="a">Buku ini ditulis dengan dorongan semangat untuk turut berperan serta dalam memberi sumbangsih pemikiran terhadap perkembangan Ilmu Administrasi dalam rangka pengembangan profesional untuk meningkatkan kualitas pelayanan kepada masyarakat. Harapan besar kami tidak lain adalah agar buku ini bermanfaat bagi semua pihak, utamanya para akademisi yang tertarik mengkaji masalah budaya dan birokrasi, para praktisi di lapangan pekerjaan sosial, maupun bagi masyarakat umum lainnya yang saat ini banyak tertarik membahas persoalan budaya dan birokrasi dalam memenuhi pelayanan yang berkualitas terhadap kepentingan publik. Pesan yang paling inti dari buku ini bahwa permasalahan budaya kerja yang belum banyak dibahas dalam kebijakan dan perundang-undangan yang dilakukan oleh para birokrat. Olehnya itu diharapkan semua pihak menganalisa aspek-aspek yang dipersoalkan dalam budaya dan birokrasi. Sebagaimana kata bijak dari pakar kebijakan publik yang mengatakan bahwa semakin maju suatu Negara maka semakin maju pula budaya dan birokrasi yang dilakukan oleh para pelaku kebijakan publik dalam memberikan pelayanan kepada masyarakatnya.</subfield>
    </datafield>
    <datafield tag="856" ind1="#" ind2="#">
      <subfield code="a">https://web-ipustakalan.moco.co.id/book/16ddf234-8746-431f-935b-8d789bcde98b</subfield>
    </datafield>
    <datafield tag="990" ind1="#" ind2="#">
      <subfield code="a">2024/4/A/0078</subfield>
    </datafield>
    <datafield tag="990" ind1="#" ind2="#">
      <subfield code="a">2024/4/A/0079</subfield>
    </datafield>
  </record>
</collection>
